[Event "BCF-ch Seniors"]
[Site "Aberystwyth"]
[Date "2014.07.30"]
[Round "5"]
[White "De Coverly, Roger D"]
[Black "Clucas, Reg P"]
[Result "1-0"]
[WhiteElo "2024"]
[BlackElo "1890"]
[PlyCount "51"]
[EventDate "2014.07.26"]
[EventType "swiss"]
[EventRounds "7"]
[EventCountry "WLS"]
[SourceTitle "EXT 2017"]
[Source "ChessBase"]
[SourceDate "2016.10.25"]
[SourceVersion "1"]
[SourceVersionDate "2016.10.25"]
[SourceQuality "1"]

1. e4 c5 2. Nf3 d6 3. d4 cxd4 4. Nxd4 Nf6 5. Nc3 g6 6. Be3 Bg7 7. f3 0-0 8. Bc4 Nc6 9. Qd2 Bd7 10. 0-0-0 Rc8 11. Bb3 Ne5 12. h4 h5 13. Kb1 Nc4 14. Bxc4 Rxc4 15. Nb3 a5 16. e5 Ne8 17. Nd5 Bf5 18. Nd4 Bxe5 19. Nxf5 gxf5 20. Bb6 Qd7 21. Qg5+ Ng7 22. f4 Bf6 23. Qxf6 Rxf4 24. Nxe7+ Kh7 25. Be3 Ne8 26. Qg5 1-0

[Event "BCF-ch Seniors"]
[Site "Aberystwyth"]
[Date "2014.07.26"]
[Round "1"]
[White "Hutchinson, Norman A"]
[Black "Clucas, Reg P"]
[Result "1-0"]
[WhiteElo "2066"]
[BlackElo "1890"]
[PlyCount "51"]
[EventDate "2014.07.26"]
[EventType "swiss"]
[EventRounds "7"]
[EventCountry "WLS"]
[SourceTitle "EXT 2017"]
[Source "ChessBase"]
[SourceDate "2016.10.25"]
[SourceVersion "1"]
[SourceVersionDate "2016.10.25"]
[SourceQuality "1"]

1. e4 c5 2. c3 Nf6 3. e5 Nd5 4. Nf3 Nc6 5. d4 cxd4 6. cxd4 d6 7. Bc4 Nb6 8. Bb5 e6 9. exd6 Qxd6 10. 0-0 Be7 11. Nc3 0-0 12. a3 Rd8 13. Be3 Nd5 14. Ne4 Nxe3 15. fxe3 Qd5 16. Nc3 Qd6 17. Rc1 Bd7 18. Bd3 a6 19. Nd2 Rac8 20. Bxh7+ Kxh7 21. Nde4 Qb8 22. Qh5+ Kg8 23. Qxf7+ Kh7 24. Rf3 e5 25. Rg3 Bf8 26. Nf6+ 1-0